000 00426pab a2200157 454500
008 180718b2011 xxu||||| |||| 00| 0 eng d
100 _aPostigo, Antonio
245 _aAccounting for outcomes in participatory urban governance through state-civil-society synergies
260 _c2011
300 _ap.1945-1967.
362 _aJul
650 _aUrban development
773 _aUrban Studies
908 _aN
909 _a93024
999 _c93024
_d93024